000 00290 a2200145 4500
020 _a9788120334953
082 _a004.43C DEI
245 _aC how to program
250 _a5/e
260 _bPHI
_c2007
300 _axxxii, 1130 p
700 _aH M Deitel
942 _cBK
100 _aDeitel P J
999 _c11
_d11